| 000 | 00589nam a22002057a 4500 | ||
|---|---|---|---|
| 999 |
_c6317 _d6317 |
||
| 003 | AR-CdUCM | ||
| 008 | 190314b ||||| |||| 00| 0 spa d | ||
| 040 |
_aMUNICIPALIDAD PROVINCIAL DEL CUSCO _cBIBLIOTECA MUNICIPAL DEL CUSCO |
||
| 082 |
_a869.56 / _bL27 |
||
| 100 |
_aLastres, Carmen Angélica _918089 |
||
| 245 |
_aOpar : _bpoemas / |
||
| 260 |
_aLima : _bCONCYTEC, _c1989. |
||
| 300 |
_a80 páginas ; _c21 cm. |
||
| 505 | _aContenido : Poesía | ||
| 650 |
_aPoesía _9444 |
||
| 650 |
_aPoetas peruanos _91611 |
||
| 650 |
_aLiteratura _9416 |
||
| 942 |
_2ddc _cLIBROS |
||
| 945 | _admma | ||